1952 1332 1704 1606 1886 1489 1397 1325 1370 1245 1388 1708 1666 1034 1509 1436 1783 1423 1261 1690 1792 1221 1027 1472 1476 1316 1398 1648 1326 1935 1420 1295 1139 1689 1746 1547 1559 1726 1314 1984 1916 1653 1324 1377 1983 1485 1683 1606 1498 1222 1675 1782 1538 1821 1707 1641 1104 1936 1595 1079 1624 1981 1345 1129 1883 1087 1121 1792 1378 1511 1417 1707 1445 1951 1955 1618 1594 1886 1186 1783 1367 1627 1740 1148 1031 1202 1811 1970 1551 1296 1951 1084 1512 1484 1985 1767 1136 1842 1813 BCNSPRNW ULIB Ver.6.0+V

เปลี่ยนเป็นภาษาไทย

Change to English
 แสดงรายละเอียดบรรณานุกรม
  กลับหน้าหลัก

Brief Record : Get Marc (ISO 2709) : E-mail record : QR code < ปิดหน้าต่าง
LEADER : 00000nam 2200000uu 4500
001    13399113229
003     ULIB
008    111003s2551||||th 000 0 tha d
020    9789740321828
050  4 QD415^bส739ช 2551
100 0  สุกัญญา สุนทรส
245 10 ชีวโมเลกุล /^cสุกัญญา สุนทรส, วิเชียร ริมพณิชยกิจ
250    พิมพ์ครั้งที่ 2 ;^bฉบับปรับปรุงแก้ไข
260    กรุงเทพฯ :^bสำนักพิมพ์แห่งจุฬาลงกรณ์มหาวิทยาลัย,^c2551
300    [13], 366 หน้า :^bภาพประกอบ ;^c26 ซม.
650  4 ชีวโมเลกุล
650  4 ชีวเคมี
700 0  วิเชียร ริมพณิชยกิจ
945    ^p250^l0^i023946
945    ^p250^l0^i023947
995    ทศพร
999 ^a ทศพร
รายการนี้ยังไม่มีแท็ก
คุณยังไม่ได้ล็อกอิน คุณสามารถมีกิจกรรมร่วมกับเว็บไซต์ได้ แต่ต้องล็อกอินก่อน ::
  ล็อกอิน

รายการสื่อสารสนเทศ

ลำดับที่ ประเภท เลขเรียก/บาร์โค้ด สถานที่ สถานะ
- ไม่พบข้อมูล -

รายการใกล้เคียง
    ผู้แต่ง [สุกัญญา สุนทรส]

    หัวเรื่อง [ชีวโมเลกุล]
    หัวเรื่อง [ชีวเคมี]

BibComment


ยังไม่เคยถูกคอมเมนท์

คอมเมนท์ทรัพยากรรายการนี้
  คอมเมนท์: ชีวโมเลกุล สุกัญ..


 Copyright 2026. Bcnsprnw @Library